Wortgemisch-Länder in Nordamerika - Statistiken

Allgemein
  • Dieses Quiz wurde 450 mal gespielt
  • Das Durchschnittsergebnis liegt bei 11 aus 14
Antwortstatistiken
Land % Korrekt
Kuba
97%
Panama
97%
Belize
96%
Haiti
96%
Mexiko
94%
Kanada
93%
Jamaika
92%
Bahamas
90%
Barbados
87%
Nicaragua
86%
Guatemala
84%
Grenada
75%
Honduras
75%
St. Lucia
75%
Dominica
72%
Costa Rica
70%
El Salvador
70%
St. Kitts und Nevis
68%
Trinidad und Tobago
59%
Dominikanische Republik
57%
Antigua und Barbuda
55%
St. Vincent und die Grenadinen
55%
Vereinigte Staaten
44%
Keine übereinstimmenden Quizze gefunden
Verteilung der Resultate
Anzahl Personen mit jedem Resultat
Perzentil nach korrekt beantworteten Fragen
Ihre Resultats-Entwicklung
Sie haben dieses Quiz noch nicht gespielt